Catálogo
 En Linea

Los hijos de Itiba / (Registro nro. 48431)

Detalles MARC
000 -CABECERA
campo de control de longitud fija 00637nam a2200193 a 4500
001 - NÚMERO DE CONTROL
campo de control 000048943
005 - FECHA Y HORA DE LA ÚLTIMA TRANSACCIÓN
campo de control 20201002061529.0
008 - DATOS DE LONGITUD FIJA--INFORMACIÓN GENERAL
campo de control de longitud fija 190314s2016 dr 000 0 spa d
020 ## - NÚMERO INTERNACIONAL ESTÁNDAR DEL LIBRO
Número Internacional Estándar del Libro 9789945581591
040 ## - FUENTE DE LA CATALOGACIÓN
Centro catalogador/agencia de origen DO-SdBNP
Lengua de catalogación spa
Centro/agencia transcriptor BNPHU
082 ## - NÚMERO DE LA CLASIFICACIÓN DECIMAL DEWEY
Número de clasificación xxxx
Número de documento/Ítem M538h
100 1# - ENTRADA PRINCIPAL--NOMBRE DE PERSONA
Nombre de persona Méndez, Humberto
Fechas asociadas al nombre 1941-
9 (RLIN) 29471
245 14 - MENCIÓN DE TÍTULO
Título Los hijos de Itiba /
Mención de responsabilidad, etc. Humberto Méndez.
260 ## - PUBLICACIÓN, DISTRIBUCIÓN, ETC.
Lugar de publicación, distribución, etc. Puerto Rico :
Nombre del editor, distribuidor, etc. Isla negra,
Fecha de publicación, distribución, etc. 2016
Fabricante República Dominicana
300 ## - DESCRIPCIÓN FÍSICA
Extensión 288 p. ;
Dimensiones 22 cm.
500 ## - NOTA GENERAL
Nota general Incluye glosario de vocablos Taínos.
500 ## - NOTA GENERAL
Nota general Incluye datos biografícos del autor en la solapa de la portada.
590 ## - NOTA LOCAL (RLIN)
Nota local Inventariado, 2019/ YL
Existencias
Estado de retiro Estado de pérdida No para préstamo Código de colección Localización permanente Ubicación/localización actual Ubicación en estantería Fecha de adquisición Número de inventario Total de préstamos Signatura topográfica completa Código de barras Fecha visto por última vez Número de copia Precio válido a partir de Tipo de ítem Koha
    Excluido de préstamo Dominicana de Servicio General General En catalogación 06.05.2019 LF1   xxxx M538h 48943-30 25.06.2020 e. 3 25.06.2020 Libro y Folleto Colección Dominicana de Servicio
      Patrimonio Dominicano General General Orden iniciada 06.05.2019 LF1   xxxx M538h 48944-30 25.06.2020   25.06.2020 Libro y Folleto Colección Patrimonio Dominicano
    Excluido de préstamo Patrimonio Dominicano Patrimonio Dominicano Patrimonio Dominicano En catalogación 06.05.2019 LF1   xxxx M538h 48943-10 25.06.2020   25.06.2020 Libro y Folleto Colección Patrimonio Dominicano
    Excluido de préstamo Patrimonio Dominicano Patrimonio Dominicano Patrimonio Dominicano En catalogación 06.05.2019 LF1   xxxx M538h 48943-20 25.06.2020 e. 2 25.06.2020 Libro y Folleto Colección Patrimonio Dominicano
      Patrimonio Dominicano Patrimonio Dominicano Patrimonio Dominicano Orden iniciada 06.05.2019 LF1   xxxx M538h 48944-10 25.06.2020   25.06.2020 Libro y Folleto Colección Patrimonio Dominicano
      Patrimonio Dominicano Patrimonio Dominicano Patrimonio Dominicano Orden iniciada 06.05.2019 LF1   xxxx M538h 48944-20 25.06.2020   25.06.2020 Libro y Folleto Colección Patrimonio Dominicano

Con tecnología Koha